000 00403nam a22001217a 4500
082 _a220 PRO
100 _aObaidullah Nasir Saad Shahrukh Kiyani Muhammad Arslan Shahid
_973026
245 _aPR-SOF-1903-Solar Powered IOT Based Smart Irrigation System
300 _aISLAMABAD
_bNUST COLLEGE OF EME
_e2020
650 _aDE-COMP-38
700 _aProject Supervisor Dr. Muhammad Zeeshan
_973027
942 _cCR
999 _c578922
_d578922